000 00647nam a22002057a 4500
005 20250409145348.0
010 _aENG-144588
020 _a9789382710035
_c325.00
035 _aEN-128120
037 _bDBAD
082 _a954.0072
245 _aIndian Historiography:
_cedited by Dilip Coomer Ghose [and] Ranjit Sen
_bAn Analisis/
260 _aKolkata
_bInstitute of Historical Studies
_c2013
270 _a8/1 Loudon Street,
_bKolkata
_e700017
300 _a238p.
_c22cm(Hb)
490 _vVol 2
700 _aGhose, Dilip Coomer
_eEditor
_980519
700 _aSen, Ranjit
_eEditor
_980520
942 _2ddc
_cEN
_h954.0072
_mIND
999 _c192190
_d192190